|
|
|
|
| LEADER |
00000nam0a2200000 4500 |
| 001 |
292083 |
| 005 |
20231101000833.0 |
| 010 |
|
|
|b 800 экз.
|
| 035 |
|
|
|a (RuTPU)RU\TPU\book\316696
|
| 035 |
|
|
|a RU\TPU\book\300795
|
| 090 |
|
|
|a 292083
|
| 100 |
|
|
|a 20150420d1929 k y0rusy50 ca
|
| 101 |
0 |
|
|a rus
|
| 102 |
|
|
|a RU
|
| 105 |
|
|
|a ab z 000zy
|
| 200 |
1 |
|
|a Геологическая карта Ленского золотоносного района
|e описание листов IV-4 и V-4
|f В. А. Обручев, А. П. Герасимов
|
| 210 |
|
|
|a Ленинград
|c Издание Геологического комитета
|d 1929
|
| 215 |
|
|
|a 127 с.
|c ил., карта
|
| 225 |
1 |
|
|a Геологические исследования в золотоносных областях Сибири
|
| 317 |
|
|
|5 63413507: 181632
|a Поступила в НТБ в 1940 г. в составе книжного собрания академика М. А. Усова.
|
| 464 |
|
|
|t Описание части листов IV-4 и V-4, входящих в состав бассейна р. Бодайбо
|f В. А. Обручев
|
| 464 |
|
|
|t Бассейн рч. Аунакит
|f А. П. Герасимов
|
| 610 |
1 |
|
|a Ленский район
|
| 610 |
1 |
|
|a золотоносность
|
| 610 |
1 |
|
|a геологические исследования
|
| 610 |
1 |
|
|a геологические карты
|
| 610 |
1 |
|
|a Сибирь
|
| 610 |
1 |
|
|a библиотека М. А. Усова
|
| 675 |
|
|
|a 553.411(571)
|v 3
|
| 700 |
|
1 |
|a Обручев
|b В. А.
|c российский геолог
|c профессор Томского технологического института
|c исследователь Сибири, Центральной и Средней Азии
|c географ
|f 1863-1956
|g Владимир Афанасьевич
|2 stltpush
|3 (RuTPU)RU\TPU\pers\996
|
| 701 |
|
1 |
|a Герасимов
|b А. П.
|
| 801 |
|
1 |
|a RU
|b 63413507
|c 20131230
|
| 801 |
|
2 |
|a RU
|b 63413507
|c 20150529
|g RCR
|
| 942 |
|
|
|c BK
|